| 000 | 00915nam a2200301 a 4500 | ||
|---|---|---|---|
| 001 | 71974 | ||
| 003 | BD-RjUL | ||
| 005 | 20211209082209.0 | ||
| 008 | 170511m1954 nyua b 000 0 eng | ||
| 035 | _a(BD-RjUL)72190 | ||
| 040 |
_aDLC _cOCU _dBD-RjUL _beng |
||
| 041 | _aeng | ||
| 082 |
_a547.782 _223 _bCEL 1954 |
||
| 245 | 0 | 0 |
_aCellulose and cellulose derivatives / _cNorbert M Bikales |
| 250 | _a2d completely rev. and augm. ed. | ||
| 260 |
_aNew York : _bInterscience Publishers, _c1954. |
||
| 300 |
_apt. : _bill. ; _c24 cm. |
||
| 504 | _aIncludes bibliographical references. | ||
| 505 | _apt. 1 -- pt. 2 -- pt. 3 --- | ||
| 650 | 0 |
_aCellulose. _9163618 |
|
| 700 | 1 |
_aOtt, Emil _9212878 |
|
| 700 | 1 |
_aSpurlin, Harold M. _9212879 |
|
| 700 | 1 |
_aGrafflin, Mildred W., _9212880 |
|
| 830 |
_aHigh polymers, _9212867 |
||
| 942 |
_2ddc _cBK |
||
| 999 |
_c71974 _d71974 |
||